000 01382nam0a22003251 4500
001 v19\rc\1459279
005 20250618195228.0
035 _a(NLR Aleph) 004685393
090 _a3863512
_c3863512
100 _a20060620d1875 |||y0rusy50 ca
101 0 _arus
102 _aRU
105 _aa j |||||
200 1 _aКлееваренное производство
_eЛекции, чит. в Спб. технол. ин-те Б.И.[!Т.] Вылежинским
210 _aСанкт-Петербург
_cлит. Спб. технол. ин-та
_d1875/76
215 _a[2], 61 с., 1 л. черт.
_d29
225 1 _aХимическая технология органических веществ
300 _aВ изд. 1877/8 и 1884/85 гг. подзаг.: "Лекции, чит.... Вылежинским"
309 _aНаписано от руки. Литогр.
316 _aЭкз. РНБ (18.117.1.20): 1 л. черт. в альбоме на ш.: 18.14.2.60
_5NLR: 18.117.1.20
700 1 _aВылежинский
_bБ.Т.
_f-1895
_gБронислав Титович
790 1 _aВылежинский
_bБ.
_f-1895
_gБ.И.[!Т.]
801 0 _aRU
_bNLR
_gpsbo
801 0 _aRU
_bRuMoRGB
_2psbo
801 1 _aRU
_bProSoft-M
_2rusmarc
852 _aNLR
_j18.117.1.20
899 _aRuMoRGB
_jПриплет к F 82/90
899 _aБАН
942 _cBOOK
980 _aNB